[Event "VIII Iberoamericano Mexico 2022"]
[Site "Mexico City"]
[Date "2022.02.17"]
[Round "6.40"]
[White "Zacarias Rodriguez, Santiago"]
[Black "Alfaro, William"]
[Result "1/2-1/2"]
[WhiteElo "1896"]
[BlackElo "2143"]
[Annotator "NA"]
[PlyCount "109"]
[EventDate "2022.02.12"]
[EventType "swiss"]
[EventCountry "MEX"]
[SourceTitle "playchess.com"]
[Source "ChessBase"]
[SourceQuality "1"]
[TimeControl "5400+30"]

1. e4 {[%emt 0:00:03]} g6 {[%emt 0:03:08]} 2. d4 {[%emt 0:01:11]} Bg7 {[%emt 0:00:32]} 3. Nf3 {[%emt 0:00:28]} c6 {[%emt 0:00:13]} 4. Nc3 {[%emt 0:01:31]} d5 {[%emt 0:00:11]} 5. h3 {[%emt 0:01:00]} dxe4 {[%emt 0:01:13]} 6. Nxe4 {[%emt 0:00:09]} Nd7 {[%emt 0:00:05]} 7. Bd3 {[%emt 0:03:22]} Ngf6 {[%emt 0:00:26]} 8. Nxf6+ {[%emt 0:00:29]} Nxf6 {[%emt 0:00:04]} 9. O-O {[%emt 0:01:12]} O-O {[%emt 0:00:05]} 10. Re1 {[%emt 0:02:45]} Re8 {[%emt 0:05:36]} 11. Bf4 {[%emt 0:05:10]} Qb6 {[%emt 0:00:58]} 12. Qc1 {[%emt 0:06:42]} Be6 {[%emt 0:11:23]} 13. c4 {[%emt 0:10:02]} Rad8 {[%emt 0:01:25]} 14. Qd2 {[%emt 0:10:45]} Qa6 {[%emt 0:33:47]} 15. Qc2 {[%emt 0:15:18]} b5 {[%emt 0:01:41]} 16. b3 {[%emt 0:01:45]} Qb7 {[%emt 0:00:42]} 17. Qe2 {[%emt 0:02:44]} Bf5 {[%emt 0:03:01]} 18. Bxf5 {[%emt 0:01:25]} gxf5 {[%emt 0:00:01]} 19. Be5 {[%emt 0:05:28]} Kh8 {[%emt 0:03:50]} 20. Ng5 {[%emt 0:06:48]} e6 {[%emt 0:01:24]} 21. Qe3 {[%emt 0:12:42]} Qe7 {[%emt 0:11:29]} 22. Rac1 {[%emt 0:02:25]} h6 {[%emt 0:04:15]} 23. Nf3 {[%emt 0:00:13]} Kh7 {[%emt 0:00:11]} 24. Bxf6 {[%emt 0:01:45]} Bxf6 {[%emt 0:01:27]} 25. cxb5 {[%emt 0:01:40]} cxb5 {[%emt 0:00:54]} 26. Rcd1 {[%emt 0:02:10]} Rd5 {[%emt 0:01:16]} 27. Qf4 {[%emt 0:01:41]} Red8 {[%emt 0:02:18]} 28. Re2 {[%emt 0:00:31]} R8d7 {[%emt 0:03:00]} 29. Red2 {[%emt 0:00:49]} Qd8 {[%emt 0:00:06]} 30. h4 {[%emt 0:00:59]} Qg8 {[%emt 0:00:22]} 31. Kf1 {[%emt 0:01:46]} Qg4 {[%emt 0:01:16]} 32. Qe3 {[%emt 0:00:46]} b4 {[%emt 0:03:38]} 33. Ne5 {[%emt 0:00:40]} Bxe5 {[%emt 0:00:48]} 34. dxe5 {[%emt 0:00:04]} Rxd2 {[%emt 0:02:05]} 35. Rxd2 {[%emt 0:00:01]} Rxd2 {[%emt 0:00:01]} 36. Qxd2 {[%emt 0:00:01]} Qxh4 {[%emt 0:00:20]} 37. Qd7 {[%emt 0:00:33]} Kg7 {[%emt 0:00:28]} 38. Qxa7 {[%emt 0:01:38]} Qh1+ {[%emt 0:00:13]} 39. Ke2 {[%emt 0:00:03]} Qxg2 {[%emt 0:00:02]} 40. Qc5 {[%emt 0:01:10]} Qe4+ {[%emt 0:00:25]} 41. Kf1 {[%emt 0:00:12]} h5 {[%emt 0:02:34]} 42. Qe7 {[%emt 0:00:09]} Qxe5 {[%emt 0:02:35]} 43. Qg5+ {[%emt 0:00:13]} Kf8 {[%emt 0:00:08]} 44. Qd8+ {[%emt 0:00:12]} Kg7 {[%emt 0:00:06]} 45. Qg5+ {[%emt 0:00:05]} Kh7 {[%emt 0:00:39]} 46. Qxh5+ {[%emt 0:00:05]} Kg7 {[%emt 0:00:10]} 47. Qg5+ {[%emt 0:00:04]} Kh7 {[%emt 0:00:01]} 48. Qh5+ {[%emt 0:00:01]} Kg8 {[%emt 0:00:01]} 49. Qg5+ {[%emt 0:00:18]} Kf8 {[%emt 0:01:52]} 50. Qd8+ {[%emt 0:00:07]} Kg7 {[%emt 0:00:01]} 51. Qg5+ {[%emt 0:00:06]} Kf8 {[%emt 0:01:25]} 52. Qd8+ {[%emt 0:00:08]} Kg7 {[%emt 0:00:01]} 53. Qg5+ {[%emt 0:00:25]} Kh7 {[%emt 0:00:09]} 54. Qh5+ {[%emt 0:00:12]} Kg7 {[%emt 0:03:29]} 55. Qh4 {[%emt 0:05:49]} 1/2-1/2

[Event "VIII Iberoamericano Mexico 2022"]
[Site "Mexico City"]
[Date "2022.02.17"]
[Round "6.41"]
[White "Pla, Silvio"]
[Black "Ortez, Andrea"]
[Result "1-0"]
[WhiteElo "2113"]
[BlackElo "1913"]
[Annotator "NA"]
[PlyCount "105"]
[EventDate "2022.02.12"]
[EventType "swiss"]
[EventCountry "MEX"]
[SourceTitle "playchess.com"]
[Source "ChessBase"]
[SourceQuality "1"]
[TimeControl "5400+30"]

1. d4 {[%emt 0:00:22]} d5 {[%emt 0:00:16]} 2. Bf4 {[%emt 0:00:14]} Nf6 {[%emt 0:00:20]} 3. e3 {[%emt 0:00:15]} c5 {[%emt 0:00:31]} 4. Nf3 {[%emt 0:00:15]} Nc6 {[%emt 0:00:33]} 5. Nbd2 {[%emt 0:00:06]} cxd4 {[%emt 0:03:10]} 6. exd4 {[%emt 0:00:30]} Qb6 {[%emt 0:00:19]} 7. Nb3 {[%emt 0:04:07]} Bf5 {[%emt 0:01:03]} 8. c3 {[%emt 0:00:14]} e6 {[%emt 0:00:23]} 9. a4 {[%emt 0:05:29]} a6 {[%emt 0:00:56]} 10. a5 {[%emt 0:05:50]} Qd8 {[%emt 0:00:18]} 11. Bd3 {[%emt 0:13:06]} Bxd3 {[%emt 0:05:45]} 12. Qxd3 {[%emt 0:02:01]} Bd6 {[%emt 0:04:30]} 13. Bxd6 {[%emt 0:04:29]} Qxd6 {[%emt 0:00:20]} 14. O-O {[%emt 0:00:06]} O-O {[%emt 0:01:26]} 15. Rfe1 {[%emt 0:02:15]} Ne4 {[%emt 0:03:07]} 16. Nfd2 {[%emt 0:08:12]} f5 {[%emt 0:09:11]} 17. f3 {[%emt 0:02:22]} Nxd2 {[%emt 0:01:40]} 18. Qxd2 {[%emt 0:00:19]} e5 {[%emt 0:01:07]} 19. dxe5 {[%emt 0:00:56]} Nxe5 {[%emt 0:01:23]} 20. Qd4 {[%emt 0:19:41]} Nc4 {[%emt 0:06:47]} 21. Nc5 {[%emt 0:01:02]} Rae8 {[%emt 0:26:48]} 22. Nxb7 {[%emt 0:14:12]} Qc6 {[%emt 0:00:27]} 23. b3 {[%emt 0:02:02]} Ne3 {[%emt 0:07:47]} 24. Rxe3 {[%emt 0:00:51]} Rxe3 {[%emt 0:01:28]} 25. Qxe3 {[%emt 0:00:01]} Qxb7 {[%emt 0:00:02]} 26. Qe6+ {[%emt 0:01:00]} Kh8 {[%emt 0:00:03]} 27. b4 {[%emt 0:04:09]} Qb5 {[%emt 0:03:30]} 28. Rd1 {[%emt 0:01:41]} Qc4 {[%emt 0:01:22]} 29. Qxd5 {[%emt 0:01:27]} Qxc3 {[%emt 0:02:08]} 30. Qc5 {[%emt 0:00:05]} Qf6 {[%emt 0:00:34]} 31. Qd6 {[%emt 0:00:08]} h6 {[%emt 0:03:01]} 32. Qxf6 {[%emt 0:00:36]} Rxf6 {[%emt 0:00:04]} 33. Rd8+ {[%emt 0:00:05]} Kh7 {[%emt 0:00:05]} 34. Rb8 {[%emt 0:00:12]} Rc6 {[%emt 0:00:18]} 35. h4 {[%emt 0:01:42]} h5 {[%emt 0:01:27]} 36. Kh2 {[%emt 0:00:47]} f4 {[%emt 0:03:33]} 37. Rb6 {[%emt 0:00:19]} Rc4 {[%emt 0:00:04]} 38. b5 {[%emt 0:03:19]} Rc5 {[%emt 0:03:11]} 39. bxa6 {[%emt 0:01:46]} Rxa5 {[%emt 0:00:02]} 40. g4 {[%emt 0:01:50]} fxg3+ {[%emt 0:05:14]} 41. Kxg3 {[%emt 0:00:01]} Ra4 {[%emt 0:00:23]} 42. Rc6 {[%emt 0:00:34]} Ra5 {[%emt 0:01:31]} 43. f4 {[%emt 0:01:05]} Ra3+ {[%emt 0:00:12]} 44. Kf2 {[%emt 0:00:02]} Ra4 {[%emt 0:01:06]} 45. Kf3 {[%emt 0:00:04]} Ra5 {[%emt 0:01:51]} 46. Ke4 {[%emt 0:00:14]} Ra4+ {[%emt 0:00:02]} 47. Ke5 {[%emt 0:00:19]} Kg8 {[%emt 0:01:59]} 48. Kd6 {[%emt 0:00:54]} Kh7 {[%emt 0:00:51]} 49. Kc7 {[%emt 0:00:09]} Rxf4 {[%emt 0:01:01]} 50. a7 {[%emt 0:00:11]} Ra4 {[%emt 0:00:50]} 51. Kb7 {[%emt 0:00:08]} Rxh4 {[%emt 0:01:13]} 52. a8=Q {[%emt 0:00:09]} Rf4 {[%emt 0:00:42]} 53. Qe8 {[%emt 0:01:28]} 1-0

[Event "VIII Iberoamericano Mexico 2022"]
[Site "Mexico City"]
[Date "2022.02.17"]
[Round "6.42"]
[White "Limon Olmos, Ivan Alonso"]
[Black "Flores Irurso, Paul Josue"]
[Result "1/2-1/2"]
[WhiteElo "2106"]
[BlackElo "1912"]
[Annotator "NA"]
[PlyCount "146"]
[EventDate "2022.02.12"]
[EventType "swiss"]
[EventCountry "MEX"]
[SourceTitle "playchess.com"]
[Source "ChessBase"]
[SourceQuality "1"]
[TimeControl "5400+30"]

1. d4 {[%emt 0:09:39]} Nf6 {[%emt 0:00:44]} 2. Nf3 {[%emt 0:00:48]} g6 {[%emt 0:00:30]} 3. c4 {[%emt 0:00:15]} Bg7 {[%emt 0:00:08]} 4. Nc3 {[%emt 0:00:23]} O-O {[%emt 0:00:49]} 5. e4 {[%emt 0:00:26]} d6 {[%emt 0:00:48]} 6. Be2 {[%emt 0:00:36]} e5 {[%emt 0:01:01]} 7. dxe5 {[%emt 0:00:59]} dxe5 {[%emt 0:00:06]} 8. Qc2 {[%emt 0:00:46]} Nc6 {[%emt 0:06:34]} 9. Bg5 {[%emt 0:00:39]} Bg4 {[%emt 0:04:32]} 10. Rd1 {[%emt 0:06:36]} Qc8 {[%emt 0:07:23]} 11. Be3 {[%emt 0:14:01]} Bxf3 {[%emt 0:12:26]} 12. Bxf3 {[%emt 0:00:33]} Ng4 {[%emt 0:00:39]} 13. Bc5 {[%emt 0:11:56]} Re8 {[%emt 0:06:50]} 14. h3 {[%emt 0:08:56]} Nf6 {[%emt 0:02:40]} 15. O-O {[%emt 0:03:54]} h5 {[%emt 0:08:52]} 16. Be3 {[%emt 0:05:37]} Nh7 {[%emt 0:04:18]} 17. Ne2 {[%emt 0:03:14]} Nf8 {[%emt 0:03:23]} 18. a3 {[%emt 0:06:28]} a5 {[%emt 0:02:58]} 19. c5 {[%emt 0:02:20]} Ne6 {[%emt 0:02:16]} 20. Rfe1 {[%emt 0:04:08]} Ra6 {[%emt 0:08:57]} 21. Qc4 {[%emt 0:02:09]} Ncd4 {[%emt 0:04:06]} 22. Nxd4 {[%emt 0:01:30]} exd4 {[%emt 0:02:53]} 23. Bc1 {[%emt 0:00:37]} a4 {[%emt 0:01:40]} 24. e5 {[%emt 0:02:38]} c6 {[%emt 0:03:19]} 25. Qc2 {[%emt 0:02:22]} Ra5 {[%emt 0:00:43]} 26. Bd2 {[%emt 0:01:00]} Rxc5 {[%emt 0:00:39]} 27. Qxa4 {[%emt 0:00:04]} Rxe5 {[%emt 0:00:29]} 28. Rf1 {[%emt 0:00:08]} Ng5 {[%emt 0:01:19]} 29. Bxg5 {[%emt 0:01:31]} Rxg5 {[%emt 0:00:07]} 30. Kh1 {[%emt 0:00:12]} Qc7 {[%emt 0:01:31]} 31. Rfe1 {[%emt 0:02:19]} Rge5 {[%emt 0:01:04]} 32. Rxe5 {[%emt 0:00:08]} Qxe5 {[%emt 0:00:08]} 33. Qb3 {[%emt 0:00:27]} Qa5 {[%emt 0:00:52]} 34. Kh2 {[%emt 0:01:40]} Qc7+ {[%emt 0:01:29]} 35. Kg1 {[%emt 0:00:19]} Be5 {[%emt 0:01:30]} 36. Qd3 {[%emt 0:00:32]} c5 {[%emt 0:00:16]} 37. Bd5 {[%emt 0:00:06]} Kg7 {[%emt 0:00:11]} 38. a4 {[%emt 0:03:13]} b6 {[%emt 0:02:00]} 39. b3 {[%emt 0:00:05]} Qd6 {[%emt 0:00:35]} 40. Qf3 {[%emt 0:01:09]} Bf6 {[%emt 0:00:31]} 41. Bc4 {[%emt 0:01:00]} Re7 {[%emt 0:01:50]} 42. Kh1 {[%emt 0:01:05]} Qc7 {[%emt 0:01:34]} 43. Kg1 {[%emt 0:00:44]} Re5 {[%emt 0:00:08]} 44. Bd3 {[%emt 0:01:07]} Qe7 {[%emt 0:00:34]} 45. Kf1 {[%emt 0:00:19]} Bg5 {[%emt 0:01:17]} 46. Kg1 {[%emt 0:00:58]} Re6 {[%emt 0:02:04]} 47. Rf1 {[%emt 0:00:36]} Rf6 {[%emt 0:00:56]} 48. Qe4 {[%emt 0:01:13]} Qxe4 {[%emt 0:00:36]} 49. Bxe4 {[%emt 0:00:04]} Re6 {[%emt 0:00:43]} 50. Bd3 {[%emt 0:00:11]} Bd2 {[%emt 0:00:10]} 51. Rd1 {[%emt 0:00:07]} Bc3 {[%emt 0:00:14]} 52. Kf1 {[%emt 0:00:27]} f5 {[%emt 0:00:11]} 53. Kg1 {[%emt 0:00:04]} f4 {[%emt 0:00:23]} 54. Kf1 {[%emt 0:00:41]} Kf6 {[%emt 0:00:22]} 55. Be2 {[%emt 0:01:01]} Kg5 {[%emt 0:00:38]} 56. Rd3 {[%emt 0:00:48]} Re4 {[%emt 0:01:46]} 57. Rd1 {[%emt 0:00:33]} Re7 {[%emt 0:00:29]} 58. Rd3 {[%emt 0:00:44]} Kf5 {[%emt 0:00:27]} 59. Rd1 {[%emt 0:00:12]} Re5 {[%emt 0:00:20]} 60. h4 {[%emt 0:00:58]} Kf6 {[%emt 0:00:42]} 61. Rd3 {[%emt 0:00:12]} g5 {[%emt 0:00:32]} 62. hxg5+ {[%emt 0:00:21]} Kxg5 {[%emt 0:00:28]} 63. Rh3 {[%emt 0:00:34]} h4 {[%emt 0:01:08]} 64. Rf3 {[%emt 0:04:08]} Re7 {[%emt 0:00:31]} 65. Rd3 {[%emt 0:00:00]} Rh7 {[%emt 0:02:20]} 66. Rh3 {[%emt 0:00:00]} Kf6 {[%emt 0:00:21]} 67. g3 {[%emt 0:00:00]} fxg3 {[%emt 0:00:41]} 68. fxg3 {[%emt 0:00:00]} Kg5 {[%emt 0:00:33]} 69. gxh4+ {[%emt 0:00:00]} Rxh4 {[%emt 0:00:08]} 70. Rxh4 {[%emt 0:00:00]} Kxh4 {[%emt 0:00:08]} 71. Kg2 {[%emt 0:00:00]} Kg5 {[%emt 0:00:52]} 72. Kf3 {[%emt 0:00:00]} Kf5 {[%emt 0:00:17]} 73. Bd3+ {[%emt 0:00:00]} Ke5 {[%emt 0:02:21]} 1/2-1/2

[Event "VIII Iberoamericano Mexico 2022"]
[Site "Mexico City"]
[Date "2022.02.17"]
[Round "6.43"]
[White "Ruiz Perez, Juan Octavio"]
[Black "Mares Arellano, Juan Antoni"]
[Result "1/2-1/2"]
[WhiteElo "2074"]
[BlackElo "1812"]
[Annotator "NA"]
[PlyCount "110"]
[EventDate "2022.02.12"]
[EventType "swiss"]
[EventCountry "MEX"]
[SourceTitle "playchess.com"]
[Source "ChessBase"]
[SourceQuality "1"]
[TimeControl "5400+30"]

1. e4 {[%emt 0:00:04]} c5 {[%emt 0:00:13]} 2. Nf3 {[%emt 0:00:18]} a6 {[%emt 0:00:04]} 3. d4 {[%emt 0:03:10]} cxd4 {[%emt 0:00:05]} 4. Nxd4 {[%emt 0:01:05]} e6 {[%emt 0:00:06]} 5. Bd3 {[%emt 0:00:30]} b6 {[%emt 0:00:30]} 6. Qe2 {[%emt 0:00:30]} Bb7 {[%emt 0:00:30]} 7. Nc3 {[%emt 0:00:30]} d6 {[%emt 0:00:30]} 8. Bd2 {[%emt 0:00:30]} Nd7 {[%emt 0:00:30]} 9. O-O-O {[%emt 0:00:30]} Ne7 {[%emt 0:00:30]} 10. f4 {[%emt 0:23:34]} Nc5 {[%emt 0:11:12]} 11. Kb1 {[%emt 0:01:10]} Nc6 {[%emt 0:03:40]} 12. Nxc6 {[%emt 0:03:37]} Bxc6 {[%emt 0:00:18]} 13. f5 {[%emt 0:02:55]} e5 {[%emt 0:01:21]} 14. Bc4 {[%emt 0:01:29]} b5 {[%emt 0:13:32]} 15. Bd5 {[%emt 0:01:38]} Rc8 {[%emt 0:00:14]} 16. Bxc6+ {[%emt 0:01:03]} Rxc6 {[%emt 0:00:04]} 17. Nd5 {[%emt 0:00:08]} Be7 {[%emt 0:10:02]} 18. Rhf1 {[%emt 0:04:55]} Bf6 {[%emt 0:18:06]} 19. Rf3 {[%emt 0:07:28]} h6 {[%emt 0:00:33]} 20. Rc3 {[%emt 0:06:53]} Rc8 {[%emt 0:02:26]} 21. Nxf6+ {[%emt 0:04:08]} gxf6 {[%emt 0:02:04]} 22. Rh3 {[%emt 0:01:11]} Na4 {[%emt 0:02:32]} 23. Bb4 {[%emt 0:03:21]} Nc5 {[%emt 0:02:23]} 24. Rc3 {[%emt 0:06:04]} Qb6 {[%emt 0:02:08]} 25. Rd5 {[%emt 0:00:53]} Ke7 {[%emt 0:06:52]} 26. Qe3 {[%emt 0:03:08]} Rhd8 {[%emt 0:00:21]} 27. Ra3 {[%emt 0:04:46]} Rd7 {[%emt 0:00:51]} 28. Rad3 {[%emt 0:02:02]} a5 {[%emt 0:03:55]} 29. Be1 {[%emt 0:00:58]} Qd8 {[%emt 0:01:42]} 30. Rd1 {[%emt 0:02:33]} b4 {[%emt 0:00:17]} 31. Bh4 {[%emt 0:00:45]} Qh8 {[%emt 0:00:29]} 32. g4 {[%emt 0:02:23]} Rc6 {[%emt 0:04:10]} 33. Qe2 {[%emt 0:01:06]} Rb7 {[%emt 0:02:21]} 34. Bf2 {[%emt 0:01:25]} Na4 {[%emt 0:00:15]} 35. Qd3 {[%emt 0:03:33]} Qd8 {[%emt 0:03:55]} 36. Ka1 {[%emt 0:03:33]} Qc7 {[%emt 0:01:20]} 37. Rc1 {[%emt 0:05:14]} Nc5 {[%emt 0:02:43]} 38. Bxc5 {[%emt 0:00:00]} Rxc5 {[%emt 0:00:02]} 39. Rxc5 {[%emt 0:00:00]} Qxc5 {[%emt 0:00:08]} 40. Kb1 {[%emt 0:00:00]} a4 {[%emt 0:00:30]} 41. Qd2 {[%emt 0:00:00]} a3 {[%emt 0:00:27]} 42. Qd5 {[%emt 0:01:28]} Qa7 {[%emt 0:00:46]} 43. Rd1 {[%emt 0:00:12]} Qa6 {[%emt 0:00:21]} 44. b3 {[%emt 0:00:24]} Qb6 {[%emt 0:00:26]} 45. h4 {[%emt 0:00:22]} Rc7 {[%emt 0:00:22]} 46. g5 {[%emt 0:00:31]} hxg5 {[%emt 0:01:02]} 47. hxg5 {[%emt 0:00:02]} fxg5 {[%emt 0:00:21]} 48. Qd2 {[%emt 0:00:12]} Qc6 {[%emt 0:05:08]} 49. Qxg5+ {[%emt 0:00:22]} Kd7 {[%emt 0:00:13]} 50. Qd2 {[%emt 0:00:35]} Ke7 {[%emt 0:03:00]} 51. Qg5+ {[%emt 0:00:14]} Kd7 {[%emt 0:00:00]} 52. Qd2 {[%emt 0:00:18]} Ke7 {[%emt 0:01:00]} 53. Qg5+ {[%emt 0:01:19]} Kd7 {[%emt 0:00:00]} 54. Qd2 {[%emt 0:00:18]} Ke7 {[%emt 0:00:00]} 55. Qg5+ {[%emt 0:01:08]} Kd7 {[%emt 0:00:00]} 1/2-1/2

[Event "VIII Iberoamericano Mexico 2022"]
[Site "Mexico City"]
[Date "2022.02.17"]
[Round "6.44"]
[White "Fernandez Pozas, Pablo Antonio"]
[Black "Hernandez Diaz, Paula Sofia"]
[Result "1-0"]
[WhiteElo "2072"]
[BlackElo "1762"]
[Annotator "NA"]
[PlyCount "107"]
[EventDate "2022.02.12"]
[EventType "swiss"]
[EventCountry "MEX"]
[SourceTitle "playchess.com"]
[Source "ChessBase"]
[SourceQuality "1"]
[TimeControl "5400+30"]

1. d4 {[%emt 0:04:42]} d5 {[%emt 0:00:12]} 2. c4 {[%emt 0:00:17]} e6 {[%emt 0:00:08]} 3. Nc3 {[%emt 0:00:03]} c5 {[%emt 0:00:08]} 4. cxd5 {[%emt 0:00:07]} exd5 {[%emt 0:00:13]} 5. Nf3 {[%emt 0:00:22]} Nc6 {[%emt 0:00:08]} 6. g3 {[%emt 0:00:29]} Nf6 {[%emt 0:00:39]} 7. Bg2 {[%emt 0:00:16]} Be7 {[%emt 0:01:03]} 8. O-O {[%emt 0:00:13]} O-O {[%emt 0:00:53]} 9. Bg5 {[%emt 0:06:13]} Be6 {[%emt 0:07:23]} 10. Rc1 {[%emt 0:02:05]} cxd4 {[%emt 0:24:54]} 11. Nxd4 {[%emt 0:00:26]} Nxd4 {[%emt 0:00:46]} 12. Qxd4 {[%emt 0:00:12]} Qa5 {[%emt 0:00:47]} 13. h3 {[%emt 0:21:47]} Rfd8 {[%emt 0:07:28]} 14. Rfd1 {[%emt 0:03:46]} h6 {[%emt 0:07:44]} 15. Be3 {[%emt 0:07:33]} b6 {[%emt 0:05:48]} 16. Qf4 {[%emt 0:04:42]} Rac8 {[%emt 0:13:11]} 17. Bd4 {[%emt 0:08:54]} Bd6 {[%emt 0:07:31]} 18. Qd2 {[%emt 0:04:18]} Be7 {[%emt 0:03:02]} 19. a3 {[%emt 0:02:07]} Ne8 {[%emt 0:09:48]} 20. Ra1 {[%emt 0:10:40]} Bf6 {[%emt 0:05:31]} 21. e3 {[%emt 0:01:27]} Bxd4 {[%emt 0:01:29]} 22. Qxd4 {[%emt 0:00:03]} Nf6 {[%emt 0:01:01]} 23. Rd2 {[%emt 0:07:31]} Qc5 {[%emt 0:01:12]} 24. Qxc5 {[%emt 0:00:31]} bxc5 {[%emt 0:00:26]} 25. Rad1 {[%emt 0:00:36]} Kf8 {[%emt 0:00:32]} 26. Nxd5 {[%emt 0:00:28]} Nxd5 {[%emt 0:00:25]} 27. g4 {[%emt 0:01:46]} Ke7 {[%emt 0:00:48]} 28. Bxd5 {[%emt 0:00:02]} Bxd5 {[%emt 0:00:08]} 29. Rxd5 {[%emt 0:00:04]} Rxd5 {[%emt 0:00:10]} 30. Rxd5 {[%emt 0:00:01]} Ke6 {[%emt 0:00:18]} 31. e4 {[%emt 0:00:16]} Rc7 {[%emt 0:01:07]} 32. Kg2 {[%emt 0:01:03]} c4 {[%emt 0:00:56]} 33. Ra5 {[%emt 0:00:25]} Rb7 {[%emt 0:00:28]} 34. Rc5 {[%emt 0:00:33]} Rxb2 {[%emt 0:00:16]} 35. Rxc4 {[%emt 0:00:02]} Rb3 {[%emt 0:00:13]} 36. Ra4 {[%emt 0:00:09]} Rb7 {[%emt 0:00:11]} 37. Ra5 {[%emt 0:00:14]} Kd6 {[%emt 0:00:41]} 38. Kg3 {[%emt 0:00:23]} Kc6 {[%emt 0:00:27]} 39. Kf4 {[%emt 0:00:23]} Kb6 {[%emt 0:00:48]} 40. Rd5 {[%emt 0:00:27]} Rc7 {[%emt 0:00:32]} 41. a4 {[%emt 0:00:12]} a5 {[%emt 0:00:10]} 42. Ke5 {[%emt 0:03:18]} Re7+ {[%emt 0:00:50]} 43. Kd4 {[%emt 0:00:16]} Rc7 {[%emt 0:00:16]} 44. Rd6+ {[%emt 0:00:35]} Kb7 {[%emt 0:00:24]} 45. f4 {[%emt 0:00:19]} Ka7 {[%emt 0:01:03]} 46. e5 {[%emt 0:00:25]} Kb7 {[%emt 0:00:26]} 47. f5 {[%emt 0:00:19]} Re7 {[%emt 0:00:33]} 48. Kd5 {[%emt 0:00:41]} Kc7 {[%emt 0:00:30]} 49. e6 {[%emt 0:00:36]} fxe6+ {[%emt 0:00:26]} 50. fxe6 {[%emt 0:00:02]} g6 {[%emt 0:00:15]} 51. Ra6 {[%emt 0:00:11]} Kb7 {[%emt 0:00:25]} 52. Rxa5 {[%emt 0:00:02]} Kb6 {[%emt 0:00:06]} 53. Rb5+ {[%emt 0:00:08]} Ka6 {[%emt 0:00:04]} 54. Kd6 {[%emt 0:00:15]} 1-0